000 00885cam a22003134a 4500
001 39693
005 20230410101735.0
008 060310s2006 fr 000 1 fre
010 _a 2006464081
035 _a(OCoLC)ocm65201832
040 _aDLC
_cDLC
_dTZT
020 _a2911412419
020 _a9782911412417
029 1 _aTZT
_bJTL00176233
035 _a(OCoLC)65201832
042 _apcc
050 1 4 _a110 PQ 3949.2
_bV643c 2006
082 0 0 _a843
100 1 _aVictor, Gary,
_d1958-
245 1 4 _aLes cloches de la Brésilienne :
_broman /
_cGary Victor.
260 _aLa Roque d'Antheron :
_bVents d'ailleurs,
_cc2006.
300 _a223 p. ;
_c23 cm.
650 4 _aLiteratura haitiana.
650 4 _aCEH
650 4 _aColección Estudios Haitianos
938 _aJean Touzot Libraire Editeur
_bTOUZ
_nJTL00176233
_c16 EUR
942 _2lcc
_cbk
994 _aC0
_bDRFGD
999 _c13186
_d13186